书目信息 |
| 题名: |
一战简史
|
|
| 作者: | 诺曼·斯通 著 | |
| 分册: | ||
| 出版信息: | 北京 中信出版社 2014.08 |
|
| 页数: | 278页 | |
| 开本: | 20cm | |
| 丛书名: | ||
| 单 册: | ||
| 中图分类: | K143 | |
| 科图分类: | ||
| 主题词: | 世界史:近代史 | |
| 电子资源: | ||
| ISBN: | 7-5086-4682-7 | |
| 000 | 00603nam0 2200205 450 | |
| 001 | 1734424431 | |
| 005 | 20171123093545.04 | |
| 010 | @a7-5086-4682-7@dCNY38.00 | |
| 100 | @a20171123d2014 km y0chiy0120 ea | |
| 101 | 0 | @achi |
| 102 | @aCN@b110000 | |
| 200 | 1 | @a一战简史@Ayi zhan jian shi@e帝国幻觉@f(英) 诺曼·斯通著@F(ying)nuo man·si tong zhu |
| 210 | @a北京@c中信出版社@d2014.08 | |
| 215 | @a278页@d20cm | |
| 517 | 1 | @a帝国幻觉@Adi guo huan jue |
| 606 | 0 | @a世界史:近代史 |
| 690 | @aK143@v4 | |
| 701 | 0 | @a诺曼·斯通@Anuo man·si tong@4著 |
| 801 | 0 | @aCN@bMUSE@c20171123 |
| 905 | @aMUSE@dK143@eN976 | |
| 一战简史:帝国幻觉/(英) 诺曼·斯通著.-北京:中信出版社,2014.08 |
| 278页;20cm |
| ISBN 7-5086-4682-7:CNY38.00 |
| ● |
| 相关链接 |
|
|
|
正题名:一战简史
索取号:K143/N976
 
预约/预借
| 序号 | 登录号 | 条形码 | 馆藏地/架位号 | 状态 | 备注 |
| 1 | 1236880 | 212368800 | 测绘与城市空间信息学院资料室/ [索取号:K143/N976] | 在馆 |